书目信息 |
| 题名: |
电视新技术
|
|
| 作者: | 李桂苓 主编 | |
| 分册: | ||
| 出版信息: | 北京 电子工业出版社 1991 |
|
| 页数: | 518页 | |
| 开本: | 26cm | |
| 丛书名: | ||
| 单 册: | ||
| 中图分类: | TN949.1 | |
| 科图分类: | ||
| 主题词: | 电视--各种体制 | |
| 电子资源: | ||
| ISBN: | 7-5053-1430-0 | |
| 000 | 00674nam0 2200205 45 | |
| 001 | 0405181709 | |
| 005 | 20040518180103.5 | |
| 010 | @a7-5053-1430-0@dCNY19.00 | |
| 100 | @a20040518d1991 km y0chiy0120 ea | |
| 101 | 0 | @achi |
| 105 | @a z 000yy | |
| 200 | 1 | @a电视新技术@ADian Shi Xin Ji Shu@e原理、器件、系统和设计@EYuan Li、Qi Jian、Xi Tong He She Ji@f李桂苓主编@FLi Gui Ling Zhu Bian |
| 210 | @a北京@c电子工业出版社@d1991 | |
| 215 | @a518页@d26cm | |
| 517 | @a原理、器件、系统和设计@AYuan Li、Qi Jian、Xi Tong He She Ji | |
| 606 | 0 | @a电视@x各种体制 |
| 690 | @aTN949.1@v3 | |
| 701 | 0 | @a李桂苓@4主编 |
| 801 | @aCN@bTSTCL@c20040518 | |
| 905 | @f1@b247451@dTN949.1@e142 | |
| 电视新技术:原理、器件、系统和设计/李桂苓主编.-北京:电子工业出版社,1991 |
| 518页;26cm |
| ISBN 7-5053-1430-0:CNY19.00 |
| ● |
| 相关链接 |
|
|
|
|
正题名:电视新技术
索取号:TN949.1/142
 
预约/预借
| 序号 | 登录号 | 条形码 | 馆藏地/架位号 | 状态 | 备注 |
| 1 | 0247451 | 001326513 | 第三借阅区/ [索取号:TN949.1/142] | 在馆 | |
| 2 | 0247452 | 001326470 | 第二样本阅览室/ [索取号:TN949.1/142] | 在馆 |